[Event "Toronto Labour Day op"]
[Site "Toronto"]
[Date "1986.08.??"]
[Round "?"]
[White "Kroulik, Britt"]
[Black "Potvin, Robert"]
[Result "1-0"]
[WhiteElo "1637"]
[BlackElo "1597"]
[PlyCount "55"]
[EventDate "1986.08.30"]
[EventType "swiss"]
[EventRounds "6"]
[EventCountry "CAN"]
[SourceTitle "EXT 2022"]
[Source "ChessBase"]
[SourceDate "2021.10.06"]
[SourceVersion "1"]
[SourceVersionDate "2021.10.06"]
[SourceQuality "1"]

1. d4 d5 2. c4 e6 3. Nc3 Nf6 4. Qc2 Be7 5. Nf3 c6 6. e3 Nbd7 7. Bd3 dxc4 8. Bxc4 0-0 9. e4 Re8 10. Bd3 g6 11. h4 c5 12. Be3 cxd4 13. Bxd4 Qc7 14. Qd2 a6 15. Rc1 Qd8 16. e5 Nd5 17. Nxd5 exd5 18. Kf1 Bf8 19. h5 Bg7 20. hxg6 fxg6 21. Re1 Nf8 22. Bc2 Be6 23. Ng5 Rc8 24. Nxe6 Nxe6 25. Bb3 Kh8 26. Qd3 Nxd4 27. Qxd4 Bxe5 28. Rxe5 1-0